| 000 | 00611nam a22002177a 4500 | ||
|---|---|---|---|
| 003 | OSt | ||
| 005 | 20140310182437.0 | ||
| 008 | 130311t xxu||||| |||| 00| 0 eng d | ||
| 020 | _a9789715133012 | ||
| 050 |
_aQM 23 _b.K92 2011 |
||
| 100 |
_a Kreislur, Jzohn Enzo. _97400 |
||
| 245 |
_aFunctional anatomy : _bsimplified anatomy and physiology / _cJzohn Enzo Kreislur. |
||
| 260 |
_aManila : _bGiuani Prints House,, _cc2011. |
||
| 300 |
_c25 cm. _a350 p. : _bill. ; |
||
| 942 |
_2lcc _cSSLC |
||
| 999 |
_c13477 _d13477 |
||